000 00442nam a2200181Ia 4500
005 20250425161237.0
008 250425s9999 xx 000 0 und d
020 _a9686062106
041 _aspa
082 _a515.252
100 _aKREIDER, DONALD L.
245 0 _aINTRODUCCION AL ANALISIS LINEAL
250 _a1A ED.
260 _aMEXICO
260 _aMéxico
_bFONDO EDUCATIVO INTERAMERICANO
_c1971
942 _c01
010 _a15963
999 _c205298
_d205298